Arithmetic: (Record no. 132864)

MARC details
000 -LEADER
fixed length control field 00424nam a2200169Ia 4500
008 - FIXED-LENGTH DATA ELEMENTS--GENERAL INFORMATION
fixed length control field 230312s9999 xx 000 0 und d
041 ## - LANGUAGE CODE
Language code of text/sound track or separate title eng
082 ## - DEWEY DECIMAL CLASSIFICATION NUMBER
Classification number 513
Item number AGG/035760
100 ## - MAIN ENTRY--PERSONAL NAME
Personal name Aggarwal R.S.
245 ## - TITLE STATEMENT
Title Arithmetic:
Remainder of title Subjective And Objective
260 ## - PUBLICATION, DISTRIBUTION, ETC. (IMPRINT)
Date of publication, distribution, etc. 2010
Name of publisher, distributor, etc. S. Chand & Company Ltd.
300 ## - PHYSICAL DESCRIPTION
Extent 549
365 ## - TRADE PRICE
Currency code Rs.
Price amount 260.00
710 ## - ADDED ENTRY--CORPORATE NAME
Corporate name or jurisdiction name as entry element Aggarwal R.S.
906 ## - LOCAL DATA ELEMENT F, LDF (RLIN)
b 195

No items available.